• 首页
  • 本馆介绍
  • 公告通知
  • 最新文献
  • 馆藏检索
  • 电子资源
  • 读者导购
  • 参考咨询
  • 我的图书馆
  • 登录
  • 详细信息显示
  • 放入我的书架
  • 预约/预借图书
  • 作者相关作品
  • 分类相关作品
  • 丛书相关作品
  • 出版社相关作品

书目信息

  • 表格格式
  • 工作单格式
  • 卡片格式
题名:
文史资料选编
    
 
作者: ;政协北京市委员会文史资料委员会 编
分册: 第九集  
出版信息: 北京   北京出版社  1979
页数: 196页
开本: 20cm
丛书名:
单 册:
中图分类: K291 , K206
科图分类:
主题词: 文史资料--北京 , 中国--通史
电子资源:
ISBN:
000 00755nam0 2200253 450
001 1559089391
005 20150129162552.54
010    @dCNY0.78
091    @a11071.130
100    @a19950724d1979 em y0chiy0110 ea
101 0  @achi
102    @aCN@b110000
105    @ay z 000yy
200 1  @a文史资料选编@Awen shi zi liao xuan ji@h第九集@f中国人民政治协商会议北京市委员会文史资料委员会编
210    @a北京@c北京出版社@d1979
215    @a196页@d20cm
300    @a内部发行
606 0  @a文史资料@y北京
606 0  @a中国@x通史
690    @aK291@v3
690    @aK206@v4
711 02 @a政协北京市委员会文史资料委员会@Azheng xie bei jing shi wei yuan hui wen shi zi liao wei yuan hui@4编
801  0 @aCN@bNLC@c20101222
905    @aZUCC@dK206@eJY13:9
    
    文史资料选编.第九集/中国人民政治协商会议北京市委员会文史资料委员会编.-北京:北京出版社,1979
    196页;20cm
    内部发行
    
    ISBN :CNY0.78
    
●
相关链接 在E读中查询图书 在五车中查询图书 在当当中查询图书 在豆瓣中查询图书


正题名:文史资料选编     索取号:K206/JY13:9         预约/预借

序号 登录号 条形码 馆藏地/架位号 状态 备注
1 7863651   278636512   学院路分馆/ [索取号:K206/JY13:9] 在馆    
唐山师范学院图书馆 欢迎您!
大连网信软件有限公司© 版权所有